| 000 | 00647cam a22002293a 4500 | ||
|---|---|---|---|
| 001 | 32677 | ||
| 003 | PGUSA | ||
| 005 | 20140828083716.0 | ||
| 008 | 100604s2010||||xxu|||||s|||||000 | eng d | ||
| 040 |
_aPGUSA _beng |
||
| 042 | _adc | ||
| 050 | 4 | _aTJ | |
| 100 | 1 | _aCooper, Grace Rogers | |
| 245 | 1 | 4 |
_aThe Invention of the Sewing Machine _h[electronic resource] / _cGrace Rogers Cooper |
| 260 |
_bProject Gutenberg, _c2010 |
||
| 506 | _aPublic domain in the USA. | ||
| 516 | _aElectronic text | ||
| 653 | _aSewing machines -- History | ||
| 830 | 0 |
_aProject Gutenberg _v32677 |
|
| 856 | 4 | 0 | _uhttp://www.gutenberg.org/ebooks/32677 |
| 942 | _cEB | ||
| 999 |
_c261932 _d261932 |
||